00362nam a22001217a 4500003000400000008004100004020001800045082001200063100002700075245008500102260004500187300000800232OSt240323b |||||||| |||| 00| 0 eng d a9789351473268 a004 EAG aMADE EASY PUBLICATIONS aPractice Book Multiply choice Question for GATE and PSUs Computer Science and IT aNew Delhi bMADE EASY PUBLICATIONSc2023 a469